| 000 | 00716cam a22002411 4500 | ||
|---|---|---|---|
| 001 | ne 64001473 | ||
| 003 | DLC | ||
| 005 | 20260227111800.0 | ||
| 008 | 890620s1961 le b b 000 0 ara | ||
| 010 | _ane 64001473 | ||
| 035 | _a(OCoLC)23489780 | ||
| 040 |
_aDLC _cMiU _dMH _dDLC |
||
| 042 | _apremarc | ||
| 043 | _afu----- | ||
| 050 | 0 | 0 |
_aDT154.S9 _bS9 |
| 100 | 1 | _aSulaymān, Mīshāl. | |
| 245 | 1 | 3 |
_aal-Qanāh li-Miṣr / _cMīshāl Sulaymān. |
| 260 |
_aBayrūt : _bMaktabat al-Maʻāfif, _c[1961] |
||
| 300 |
_a112 p. : _b1 folded map. ; _c20 cm. |
||
| 440 | 0 |
_aMukhtārāt min al-siyāsah al-ʻālamīyah ; _v5 |
|
| 504 | _aIncludes bibliographical references (p. 112). | ||
| 651 | 0 | _aSuez Canal (Egypt) | |
| 999 |
_c47101 _d47101 |
||